Capitales européennes - Tapez la première lettre - Statistiques

Statistiques générales
  • Ce quiz a été pris 4 629 fois
  • Le résultat moyen est 17 sur 45
Réponses sur la Carte
Les réponses sont colorées sur une échelle allant du rouge au vert en fonction du pourcentage des utilisateurs qui les ont devinées à leur premier essai. Vous pouvez retrouver ces pourcentages ci-dessous.
 
Statistiques - réponses
Capitale % Correct
Dublin
43%
Londres
43%
Madrid
43%
Athènes
42%
Bruxelles
42%
Lisbonne
42%
Luxembourg
42%
Paris
42%
Vatican
42%
Amsterdam
41%
Andorre-la-Vieille
41%
Berlin
41%
Berne
41%
Bucarest
41%
Kiev
41%
Saint-Marin
41%
Helsinki
40%
Monaco
40%
Moscou
40%
Oslo
40%
Rome
40%
Varsovie
40%
Budapest
39%
La Valette
39%
Reykjavik
39%
Stockholm
39%
Copenhague
38%
Prague
38%
Vienne
38%
Zagreb
38%
Bratislava
37%
Ljubljana
37%
Minsk
37%
Riga
37%
Sofia
37%
Belgrade
36%
Tallinn
36%
Vaduz
36%
Vilnius
36%
Chișinău
34%
Sarajevo
34%
Tirana
34%
Pristina
32%
Podgorica
31%
Skopje
31%
Aucun quiz correspondant
Distribution des résultats
% des personnes avec chaque résultat
Percentile par nombre de réponses
Votre historique - résultats
Vous n’avez pas pris ce quiz